000
00269nam a22001097a 4500
082
_a
651.3 ROB'S
100
_a
ROBICHAND, BERYL
_9
56973
245
_a
SELECTING PLANNING AND MANAGING OFFICE SPACE
260
_a
NEWYORK
_b
MCGRAW HILL
_c
1958
300
_a
361P
942
_c
BK
999
_c
567297
_d
567297